| 000 | 00831cam a2200277Ia 4500 | ||
|---|---|---|---|
| 001 | 50432 | ||
| 005 | 20230411090003.0 | ||
| 008 | 070831s2007 ve a 001 0 spa d | ||
| 035 | _a(OCoLC)ocn166579929 | ||
| 040 |
_aCUY _cCUY _dGZM |
||
| 020 | _a9803542125 | ||
| 020 | _a9789803542122 | ||
| 035 | _a(OCoLC)166579929 | ||
| 090 |
_aPQ8180.17 A73 _bZ968 2007b |
||
| 049 | _aGRAL | ||
| 100 | 1 | _aZapata, Juan Carlos. | |
| 245 | 1 | 0 |
_aGabo nació en Caracas no en Aracataca / _cJuan Carlos Zapata. |
| 260 |
_aCaracas : _bEditorial Alfa, _cc2007. |
||
| 300 |
_a159 p. : _bill. ; _c23 cm. |
||
| 440 | 0 |
_aColección Hogueras ; _v38 |
|
| 500 | _aIncludes index. | ||
| 600 | 1 | 0 |
_aGarcía Márquez, Gabriel, _d1928- |
| 600 | 1 | 0 |
_aGarcía Márquez, Gabriel, _d1928- _tCien años de soledad. |
| 942 |
_2lcc _cbk |
||
| 994 |
_aC0 _bDRFGD |
||
| 999 |
_c110446 _d110446 |
||